Surnames of Mononymous Celebrities Quiz Stats

 Plays Quiz not verified by Sporcle

Support Sporcle.
Go Orange.
Score 0/20 Timer 03:00
0 Plays Today
% Correct
Knowles
93.6%
Ciccone
87.2%
Mathers
87.2%
Ferguson
84%
Sarkisian
74.5%
Sumner
69.1%
Adkins
69.1%
Nelson
68.1%
Moore
64.9%
Raymond
62.8%
% Correct
Hewson
61.7%
Bridges
48.9%
Kilcher
47.9%
Ripoll
46.8%
Hanson
46.8%
Brennan
42.6%
Charles
41.5%
Samuel
38.3%
Hudson
38.3%
Sebert
26.6%

You're not logged in!

Compare scores with friends on all Sporcle quizzes.
OR
Log In

From the Vault

Countries in Space

by PumpkinBomb

For some space is the final frontier, for others well they've been there since the 60s.
Remove Ads.
Support Sporcle.
Get the best of Sporcle when you Go Orange. This ad-free experience offers more features, more stats, and more fun while also helping to support Sporcle. Thank you for becoming a member.

Show Comments

Extras

Top Quizzes Today


Score Distribution

Your Account Isn't Verified!

In order to create a playlist on Sporcle, you need to verify the email address you used during registration. Go to your Sporcle Settings to finish the process.

Report this User

Report this user for behavior that violates our Community Guidelines.

Details: